| 000 | 00680cam a2200193 i 4500 | ||
|---|---|---|---|
| 020 | _a9781466556201 | ||
| 082 | 0 | 0 |
_a720.483 _bTAR _cNUST-02-P-99 |
| 100 | 1 |
_aTaranath, Bungale S., _91048 |
|
| 245 | 1 | 0 |
_aTall building design : _bsteel, concrete, and composite systems / _cBungale S. Taranath, Ph.D., P.E., S.E. |
| 260 |
_aNew York:. _bCRC Press. _c2017. |
||
| 300 |
_axxxiii, 898 pages ; _c27 cm |
||
| 526 |
_a0 _b0 _c0 _d720_483000000000000_TAR |
||
| 650 | 0 | _aBuilding, Iron and steel. | |
| 650 | 0 | _aComposite construction. | |
| 650 | 0 | _aConcrete construction. | |
| 650 | 0 |
_aTall buildings _xDesign and construction. _91049 |
|
| 650 | 0 |
_aTall buildings. _932233 |
|
| 942 |
_2ddc _cBK |
||
| 999 |
_c554282 _d554282 |
||